000 00966cam a2200253 i 4500
001 000019179
003 DO-SdBNP
005 20220927095523.0
007 ta
008 780616s19 cl b 100 0 spa
040 _aDO-SdBNP
_bspa
_cBNPHU
082 _axxx
_bM578
_222
111 2 _aMesa Redonda Panamericana de Santo Domingo
_n30 de marzo al 2 de abril
_cSanto Domingo
_d1992
_941284
245 0 0 _aActos que serán celebrados con motivo de la visita al país de distinguida dama internacional doña Mila de Coquis, directora general de la Alianza de mesas Redondas Panamericanas en...
260 _aSanto Domingo:
_bAlianza de Mesa Redonda Panamericanas,
_c1992.
300 _a[17] p. ;
_c27 cm.
590 _aInventariado, 2022 / DG
650 0 _941285
710 2 _aPan American Institute of Geography and History.
_bCommission on Geography.
_941286
711 _aMesa Redonda Panamericana
_982440
830 0 _930387
910 _aDG
942 _2ddc
_cLF2
999 _c52480
_d52480